Confessioni di un artista di merda

Salvato in:
Dettagli Bibliografici
Autore principale: Dick, Philip K.
Natura: Libro
Lingua:lingua imprecisata
Pubblicazione: Fanucci Editore
Tags: Aggiungi Tag
Nessun Tag, puoi essere il primo ad aggiungerne!!

MARC

LEADER 00000nam a2200000Ia 4500
001 R-1833
003 CODICE-MESSINA
005 20260218010236.0
008 260211s9999 xx 000 0 und d
040 |c importazione_messina 
100 |a Dick, Philip K. 
245 0 |a Confessioni di un artista di merda 
260 |b Fanucci Editore 
942 |2 ddc  |c BK 
952 |0 0  |1 0  |2 ddc  |4 0  |6 SCAFFALE_18_000000000000000__STANZA_2__ROMANZI  |7 0  |9 32673  |a ME  |b ME  |d 2026-02-11  |l 0  |o SCAFFALE 18 - STANZA 2 - ROMANZI  |p R-1833  |r 2026-02-11 23:53:19  |w 2026-02-11  |x [REVISIONARE]  |y BK 
999 |c 28340  |d 28340